| 000 | 00746na a2200253 4500 | ||
|---|---|---|---|
| 001 | 19029 | ||
| 003 | MIRAKIL | ||
| 005 | 20181213155154.0 | ||
| 008 | 161207b tu 000 0 | ||
| 035 | _a19029 | ||
| 040 |
_aMilas _btur _cTR-AnCHP |
||
| 041 | _atur | ||
| 082 |
_a352.008 _bT96 1984 |
||
| 090 | _a352.008 T96 1984 | ||
| 110 | _aTürk Belediyecilik Derneği | ||
| 245 |
_aBelediye başkanları albümü _cTürk Belediyecilik Derneği |
||
| 260 |
_aAnkara _bTürk Belediyecilik Derneği _c1984 |
||
| 300 |
_a216 s. _c30 sm. |
||
| 490 |
_aTürk Belediyecilik Derneği _v42 |
||
| 650 |
_aYerel yönetimler _zTürkiye |
||
| 650 |
_aBelediyeler _zTürkiye |
||
| 650 |
_aBelediye başkanları _xAlbümler _zTürkiye |
||
| 942 |
_2ddc _cBKS |
||
| 999 |
_c7928 _d7928 |
||